| 000 | 02351nam a2200409 c 4500 | ||
|---|---|---|---|
| 003 | BLK | ||
| 005 | 20180421000610.0 | ||
| 008 | 180411b bul|||||r ||||||| ||bul|| | ||
| 010 | _aKNG00198842000 | ||
| 020 |
_a978-619-7196-17-7 _bиздат.: Военномед. акад. |
||
| 040 | _aBLK | ||
| 041 |
_aBUL _cBUL |
||
| 072 | 7 |
_2bullib _aН61 _xМедицина Н |
|
| 080 |
_aДиагностика чрез химичен анализ _b616-074 _x(062.2) _z616-074(062.2) |
||
| 080 |
_aФизически фактори като професионални вредности. Общи въпроси - Вредно действие на налягане(атмосферно, механично), светлина, топлина, влага, климат, електричество, йонизираща радиация в произв _b613.64 _x(062.2) _z613.64(062.2) |
||
| 100 | 1 |
_aРангелов, Велко Ангелов _eпърви автор _9344955 |
|
| 700 | 1 |
_aПопов, Румен Стойков _eсъавт. _9344956 |
|
| 700 | 1 |
_aПетрунов, Пламен Стефанов _eсъавт. _9344957 |
|
| 139 |
_aРангелов, Велко Ангелов и др. _bР 35 |
||
| 245 | 1 | 0 |
_aИмунологичният скрининг - основа на интегралната оценка на здравния статус на професионални контингенти, хронично експонирани с ниски дози йонизиращи лъчения _cВелко Ангелов Рангелов; съавт. Румен Стойков Попов; съавт. Пламен Стефанов Петрунов. |
| 257 | _aBGR | ||
| 260 |
_аСофия _bВоенномед. акад. _c2016 |
||
| 300 |
_a190 с. _bс табл., сх. _c21 см |
||
| 380 | _a61 | ||
| 500 | _aИзд. на МО. - Библиогр. след отд. гл. | ||
| 650 | 4 |
_aРадиация - биологично действие _9279557 |
|
| 650 | 4 |
_aПрофесионални болести _9271600 |
|
| 653 | _aрадиация | ||
| 653 | _aимунология | ||
| 653 | _aпрофесионални болести | ||
| 659 | _aН | ||
| 852 | _aЦб 283881 | ||
| 856 | 4 |
_qpdf _u |
|
| 856 | 4 |
_qpdf _u |
|
| 942 |
_cKNG _n0 |
||
| 944 |
_aCR _c03.01.2017 _kВиолета_Тройчева |
||
| 944 |
_aED _c07.04.2017 _kВиолета_Тройчева |
||
| 999 |
_c189796 _d189796 |
||